Diseño, implementación y prueba de un Nodo Ros para visualizar objetos tridimensionales basado en OpenGL
Kaydedildi:
| Yazar: | |
|---|---|
| Diğer Yazarlar: | |
| Materyal Türü: | Kitap |
| Dil: | Spanish |
| Baskı/Yayın Bilgisi: |
[San José], Costa Rica
2015
|
| Konular: | |
| Etiketler: |
Etiketle
Etiket eklenmemiş, İlk siz ekleyin!
|
MARC
| LEADER | 00000nam a22000007a 4500 | ||
|---|---|---|---|
| 003 | 012447 | ||
| 005 | 20230907142726.0 | ||
| 008 | 160811b2015 cr a|||| |||| 00| ||spa d | ||
| 040 | |c cru CEDI | ||
| 090 | |a TFG 7605 | ||
| 100 | |9 1434 |a Oviedo Villalobos, Greivin, 1989- | ||
| 245 | |a Diseño, implementación y prueba de un Nodo Ros para visualizar objetos tridimensionales basado en OpenGL | ||
| 260 | |a [San José], Costa Rica |c 2015 | ||
| 300 | |a xi, 73 hojas; ilustraciones | ||
| 500 | |a Proyecto de graduación (bachillerato en ingeniería eléctrica)--Universidad de Costa Rica. Facultad de Ingeniería. Escuela de Ingeniería Eléctrica | ||
| 501 | |a Profesor Guía de IE-0499 Proyecto Eléctrico: Dr. Profesor Guía de IE-0499 Proyecto Eléctrico: Dr.-Ing. Geovanni Martínez Castillo | ||
| 650 | |x ROBOTICA |x ROBOTS |x VIDEO DIGITAL |x INTERFASES CON EL USUARIO (SISTEMA PARA COMPUTADORA) |9 5287 | ||
| 700 | |9 1063 |a Martínez Castillo, Geovanni Arturo , 1965- |d Director del Proyecto Eléctrico | ||
| 942 | |c CEDI | ||
| 999 | |c 17028 |d 17028 | ||
